000 01137nam0a22002771 4500
001 rc\3141888
005 20250530082933.0
021 _aRU
_b[76-4379ж]
035 _a(NLR Aleph) 007318798
090 _a5887614
_c5887614
100 _a20120615d1975 |||y0rusy50 ca
101 0 _arus
102 _aRU
105 _aa z |||||
200 1 _aХимия и технология производств основной химической промышленности
_e[Сборник статей
_fРед. коллегия: ... Панов В.И. (пред.) и др.]
210 _aХарьков
_cНИОхим
_d1975
215 _a139, 8 с.
_cил.
_d21
225 1 _aГосударственный научно-исследовательский и проектный институт основной химии. Труды
_vТ. 40
320 _aСписки лит. в конце статей
606 _aСодовое производство
_jСборники
_2psbo
702 1 _aПанов
_bВ.И.
_4340
801 0 _aRU
_bNLR
_gpsbo
801 1 _aRU
_bELAR
_2rusmarc
852 _aNLR
_jП10/809
942 _cBOOK
980 _aNB